000 00753nam a2200265Ia 4500
003 OSt
005 20221006144013.0
006 a|||||r|||| 00| 0
007 ta
008 221006b |||||||| |||| 00| 0 eng d
020 _cP19.95
024 _a10,627
037 _cTextual
040 _aEASL
_cEASL
_beng
041 _2eng
_aeng
082 _aW464, M6
100 _aMOMMSEN Wolfgang J Ed.
245 0 _aImperialism and after
_b Continuities and discontinuities
260 _aLondon
_bGerman historical Institute
_c1986
300 _a368p.
_ccm.
490 _v Oth
700 _a OSTERHAMMEL Jurgen Ed.
_9121198
942 _hW464, M6
_cTEXL
_2CC
999 _c1078713
_d1078713